000 00863nam a22002777a 4500
001 BR8204321
003 BR-BrBNA
005 20230928091415.0
007 ta
008 230509b bl.||||| |||| 00| 0 por d
040 _aBR-BrBNA
_bpor
_cBiblioteca Nacional de Agricultura
041 _a(Por)
072 _aL40
_b5212
090 _ 5212 BR8204321
100 1 _aAraujo, J.C. de
110 1 _aUniversidade de Sao Paulo, Sao Paulo (Brasil). Faculdade de Medicina Veterinaria e Zootecnia
_0Tese (Mestre)
245 1 _aContribuicao ao estudo dos ramos da arteria celiaca em fetos de bovinos azebuados [aparelho circulatorio]
260 3 _aSao Paulo, SP (Brasil):
_c1982.
300 _a49 p.
500 _a11 illus.; 17 ref.
650 _aBOVINO
650 _aANATOMIA ANIMAL
650 _aARTERIA
909 _a202309
_bLucia
_c55
_dLucia Elande
942 _cBK
999 _c33735
_d33735